[Event "Open Letni Praha 2017 - B"]
[Site "Praha"]
[Date "2017.08.07"]
[Round "5"]
[White "Ragaa, Hassan"]
[Black "Karlsson, Peter"]
[Result "1/2-1/2"]
[WhiteElo "2019"]
[BlackElo "1764"]
[PlyCount "93"]
[EventDate "2017.08.04"]

1. e4 d5 2. exd5 Nf6 3. Bb5+ Bd7 4. Bc4 b5 5. Bb3 a5 6. a3 Bg4 7. f3 Bc8 8. Nc3
Ba6 9. d3 g6 10. Bg5 Bg7 11. Qd2 O-O 12. Nge2 Nbd7 13. h4 Re8 14. h5 Nxh5 15.
Rxh5 gxh5 16. Bh6 Bxh6 17. Qxh6 Nf6 18. Nd4 Bc8 19. O-O-O Qd6 20. Ncxb5 Qg3 21.
d6 cxd6 22. Nc7 Bd7 23. Nxa8 Rxa8 24. Kb1 a4 25. Ba2 Rb8 26. Qe3 e6 27. Ne2 Qg7
28. Qa7 Rf8 29. Rh1 Qg5 30. Rh3 Qd2 31. Rg3+ Kh8 32. Nc1 Rc8 33. Bc4 Qe1 34.
Rg5 Qd2 35. Qa5 Qxa5 36. Rxa5 Rg8 37. Bb5 Bxb5 38. Rxb5 Rxg2 39. Rb4 Nd5 40.
Rxa4 Ne3 41. Rh4 Nxc2 42. a4 Ne1 43. a5 Nxf3 44. Rxh5 Nd4 45. b4 f5 46. Rh4 Rg4
47. Rxg4 1/2-1/2

[Event "Open Letni Praha 2017 - B"]
[Site "Praha"]
[Date "2017.08.07"]
[Round "5"]
[White "Paseka, Christian"]
[Black "Birkestrand, Odd H"]
[Result "0-1"]
[WhiteElo "1766"]
[BlackElo "1640"]
[PlyCount "94"]
[EventDate "2017.08.04"]

1. d4 f5 2. c4 Nf6 3. Nf3 e6 4. g3 Be7 5. Bg2 O-O 6. O-O d6 7. Nc3 a5 8. a4 c6
9. Rb1 Na6 10. b3 Qe8 11. h3 Nb4 12. Ne1 Qg6 13. Bf4 Nh5 14. Bd2 e5 15. dxe5
dxe5 16. e4 f4 17. g4 Nf6 18. Nf3 Nd7 19. Qe2 h5 20. Nh2 hxg4 21. Qxg4 Qh6 22.
Qf3 Nf6 23. Rfd1 Bc5 24. Be1 Nc2 25. Ng4 Nxg4 26. hxg4 Nd4 27. Qh3 Qg5 28. Qh5
Qxg4 29. Qxg4 Bxg4 30. Rd3 Rf6 31. Kf1 Rh6 32. f3 Bh3 33. Bxh3 Rxh3 34. Kg2 Rh5
35. Bf2 Rg5+ 36. Kf1 Kf7 37. Ne2 Rh8 38. Rbd1 Rh1+ 39. Ng1 b6 40. R1d2 Bb4 41.
Rd1 Nc2 42. Rd7+ Kg6 43. Ke2 Rg2 44. Kf1 Rhh2 45. Nh3 Ne3+ 46. Bxe3 fxe3 47.
Ng1 Rf2# 0-1

[Event "Open Letni Praha 2017 - B"]
[Site "Praha"]
[Date "2017.08.07"]
[Round "5"]
[White "Wu, Mengxian"]
[Black "Mielke, Torsten Mario"]
[Result "1-0"]
[WhiteElo "1862"]
[BlackElo "1690"]
[PlyCount "79"]
[EventDate "2017.08.04"]

1. d4 d5 2. c4 Bf5 3. Nc3 e6 4. Nf3 Nf6 5. Bg5 Be7 6. e3 O-O 7. Qb3 Nc6 8. Bxf6
Bxf6 9. cxd5 Na5 10. Qa4 c6 11. dxe6 b5 12. exf7+ Kh8 13. Qd1 Qe7 14. Bd3 Be6
15. O-O Rxf7 16. Ne4 Bg4 17. Nxf6 Rxf6 18. Be2 Nc4 19. Qc2 Rh6 20. b3 Nb6 21.
Ne5 Bd7 22. Qc5 Qf6 23. Bg4 Be8 24. Rac1 Bg6 25. Qxc6 Qf8 26. Nd7 Nxd7 27. Qxd7
Bd3 28. Rfd1 Rd6 29. Qb7 Rb8 30. Qxa7 h5 31. Qxb8 Qxb8 32. Rc8+ Qxc8 33. Bxc8
Rc6 34. Bb7 Rc2 35. h4 Be2 36. Ra1 Bd3 37. a4 b4 38. a5 Rb2 39. a6 Rxb3 40. a7
1-0

[Event "Open Letni Praha 2017 - B"]
[Site "Praha"]
[Date "2017.08.07"]
[Round "5"]
[White "Vitek, Jan"]
[Black "Orsoni, Jean-Philippe"]
[Result "1/2-1/2"]
[WhiteElo "1690"]
[BlackElo "1859"]
[PlyCount "70"]
[EventDate "2017.08.04"]

1. d4 Nf6 2. e3 g6 3. Bd3 Bg7 4. f4 O-O 5. Nf3 d6 6. c3 Nbd7 7. O-O e5 8. e4
Re8 9. dxe5 dxe5 10. fxe5 Nxe5 11. Nxe5 Rxe5 12. Bf4 Re8 13. Bg5 Qd6 14. Bxf6
Bxf6 15. Qf3 Kg7 16. Nd2 Qe7 17. Bc4 Be6 18. Bxe6 Qxe6 19. Rf2 Be7 20. b4 a5
21. Raf1 Rf8 22. e5 axb4 23. cxb4 Bxb4 24. Ne4 Qxe5 25. Re2 Ra3 26. Qf6+ Qxf6
27. Nxf6 Bc5+ 28. Kh1 Re3 29. Rxe3 Bxe3 30. Nd5 Bb6 31. Nxb6 cxb6 32. h3 Rd8
33. a4 Kf8 34. Rf6 Rd1+ 35. Kh2 Rb1 1/2-1/2

[Event "Open Letni Praha 2017 - B"]
[Site "Praha"]
[Date "2017.08.07"]
[Round "5"]
[White "Kubik, Jaroslav"]
[Black "Veselsky, Jan"]
[Result "1/2-1/2"]
[WhiteElo "1810"]
[BlackElo "1658"]
[PlyCount "70"]
[EventDate "2017.08.04"]

1. c4 Nf6 2. Nc3 e6 3. e4 d5 4. cxd5 exd5 5. e5 Ne4 6. Nxe4 dxe4 7. Qa4+ Nc6 8.
Bb5 Qd5 9. Ne2 Bd7 10. Nc3 Qxe5 11. O-O Bd6 12. g3 O-O 13. Qxe4 Qh5 14. Be2 Qh3
15. Qg2 Nd4 16. Bd1 Rfe8 17. d3 Rad8 18. Be3 Be5 19. Rc1 Qxg2+ 20. Kxg2 Bc6+
21. Kg1 Nf3+ 22. Bxf3 Bxf3 23. d4 Bxd4 24. Bxd4 Rxd4 25. Rfe1 Bc6 26. Rxe8+
Bxe8 27. Kf1 Bc6 28. Ke2 f6 29. Ke3 Rd6 30. a3 Kf7 31. Rc2 g5 32. f4 h6 33.
fxg5 hxg5 34. Rf2 Kg6 35. Rc2 Bd7 1/2-1/2

[Event "Open Letni Praha 2017 - B"]
[Site "Praha"]
[Date "2017.08.07"]
[Round "5"]
[White "Sacharewicz, Krzysztof"]
[Black "Modi, Yashil"]
[Result "0-1"]
[WhiteElo "1800"]
[BlackElo "1687"]
[PlyCount "46"]
[EventDate "2017.08.04"]

1. e4 e5 2. Nf3 Nc6 3. Bc4 Bc5 4. c3 Nf6 5. d4 exd4 6. e5 d5 7. Bb5 Ne4 8. cxd4
Bb6 9. h3 O-O 10. O-O f6 11. exf6 Qxf6 12. Bxc6 bxc6 13. Be3 Bxh3 14. gxh3 Qxf3
15. Qxf3 Rxf3 16. Kg2 Rf6 17. Nc3 Nd6 18. Rad1 Nf5 19. Rfe1 Raf8 20. Re2 Rg6+
21. Kh2 Nh4 22. f4 Re8 23. Rf1 Rge6 0-1

[Event "Open Letni Praha 2017 - B"]
[Site "Praha"]
[Date "2017.08.08"]
[Round "6"]
[White "Benes, Petr"]
[Black "Atnilov, Boris"]
[Result "1-0"]
[WhiteElo "1994"]
[BlackElo "2029"]
[PlyCount "125"]
[EventDate "2017.08.04"]

1. g3 Nf6 2. c4 g6 3. Bg2 Bg7 4. Nc3 O-O 5. h3 c6 6. e4 e5 7. Nge2 c5 8. d3 h6
9. Be3 d6 10. Qd2 Kh7 11. g4 Ng8 12. f4 Nc6 13. f5 Nd4 14. Nd5 Bd7 15. O-O-O
Nxe2+ 16. Qxe2 Nf6 17. Nc3 Ne8 18. h4 Nc7 19. Rdf1 Rb8 20. g5 Rh8 21. f6 Bf8
22. h5 Be6 23. Bh3 Bxh3 24. Rxh3 b5 25. Rfh1 bxc4 26. dxc4 Rb7 27. Qh2 Kg8 28.
Qd2 Rb4 29. b3 a5 30. Bxc5 Rb8 31. Be3 a4 32. Nxa4 Ne6 33. Nc3 Nxg5 34. hxg6
Nxh3 35. g7 Qxf6 36. gxh8=Q+ Kxh8 37. Qg2 Nf4 38. Qg4 Bg7 39. Kc2 Rg8 40. Rg1
Kh7 41. Qf5+ Qxf5 42. exf5 Ra8 43. a4 Bf6 44. Ne4 Be7 45. f6 Bf8 46. Bxf4 exf4
47. Rg4 Rc8 48. Kd3 Rd8 49. Nc3 h5 50. Rg5 Kh6 51. Ne4 Rb8 52. Rb5 Re8 53. a5
h4 54. a6 h3 55. Nf2 h2 56. a7 Ra8 57. Rb7 Kg6 58. Ke4 Bh6 59. b4 Bg5 60. b5
Bh4 61. Nh1 d5+ 62. cxd5 Re8+ 63. Kxf4 1-0

[Event "Open Letni Praha 2017 - B"]
[Site "Praha"]
[Date "2017.08.08"]
[Round "6"]
[White "Novotny, Martin"]
[Black "Janacek, Jaroslav"]
[Result "0-1"]
[WhiteElo "1824"]
[BlackElo "2019"]
[PlyCount "80"]
[EventDate "2017.08.04"]

1. d4 d6 2. Nf3 g6 3. c4 Bg7 4. Nc3 Bg4 5. g3 Bxf3 6. exf3 e6 7. Bg2 Ne7 8. d5
e5 9. O-O O-O 10. f4 Nd7 11. Re1 Nf5 12. h4 a5 13. Ne4 b6 14. Rb1 Re8 15. b3 h6
16. h5 exf4 17. Bxf4 Ne5 18. Bc1 Ne7 19. Bb2 f5 20. Nc3 Nd7 21. Ne2 Rf8 22. Nf4
Nc5 23. Bxg7 Kxg7 24. Ne6+ Nxe6 25. Rxe6 Rf6 26. Qd4 Ng8 27. Rbe1 Qf8 28. Bf1
Qf7 29. Bd3 Rf8 30. g4 gxh5 31. Bxf5 hxg4 32. Qxg4+ Kh8 33. Bd3 Rxf2 34. Qe4
Rf4 35. Qg2 Rf6 36. Qh3 Qg7+ 37. Kh1 Rf3 38. Qh5 Rxd3 39. Rg1 Rg3 40. Rxg3 Qxg3
0-1

[Event "Open Letni Praha 2017 - B"]
[Site "Praha"]
[Date "2017.08.08"]
[Round "6"]
[White "Modi, Yashil"]
[Black "Klyuev, Vasily"]
[Result "1/2-1/2"]
[WhiteElo "1687"]
[BlackElo "1921"]
[PlyCount "23"]
[EventDate "2017.08.04"]

1. d4 d5 2. c4 e6 3. Nf3 Nf6 4. g3 Be7 5. Bg2 O-O 6. O-O dxc4 7. Qc2 c5 8. Rd1
Qb6 9. Na3 cxd4 10. Nxc4 Qc5 11. b4 Qf5 12. Qxf5 1/2-1/2

[Event "Open Letni Praha 2017 - B"]
[Site "Praha"]
[Date "2017.08.08"]
[Round "6"]
[White "Fraczek, Weronika"]
[Black "Wu, Mengxian"]
[Result "1/2-1/2"]
[WhiteElo "1768"]
[BlackElo "1862"]
[PlyCount "28"]
[EventDate "2017.08.04"]

1. e4 d5 2. exd5 Nf6 3. Nc3 Nxd5 4. Nxd5 Qxd5 5. Nf3 Bg4 6. Be2 e6 7. c3 Nd7 8.
d4 Bd6 9. h3 Bf5 10. c4 Qa5+ 11. Bd2 Bb4 12. O-O Bxd2 13. Qxd2 Qxd2 14. Nxd2 a5
1/2-1/2

[Event "Open Letni Praha 2017 - B"]
[Site "Praha"]
[Date "2017.08.08"]
[Round "6"]
[White "Axelsson, Thomas"]
[Black "Ragaa, Hassan"]
[Result "0-1"]
[WhiteElo "1734"]
[BlackElo "2019"]
[PlyCount "82"]
[EventDate "2017.08.04"]

1. e4 c5 2. Nf3 Nc6 3. d4 cxd4 4. Nxd4 Nf6 5. Nc3 e5 6. Ndb5 d6 7. Bg5 a6 8.
Na3 b5 9. Nd5 Qa5+ 10. Bd2 Qd8 11. Bg5 Be7 12. Nxe7 Qxe7 13. Bd3 Be6 14. O-O h6
15. Bh4 g5 16. Bg3 O-O 17. c3 Rab8 18. Nc2 a5 19. b3 d5 20. Qe1 dxe4 21. Bxe4
Nxe4 22. Qxe4 Qc5 23. Ne3 f5 24. Qc2 Kg7 25. Bxe5+ Nxe5 26. Rfe1 f4 27. b4 Qc7
28. Nf1 Bf5 29. Qb3 Nd3 30. Re2 axb4 31. cxb4 Rfe8 32. Rc2 Qe5 33. Rd1 Rbd8 34.
Rcd2 Qd4 35. h3 Qc4 36. Qb1 Kg6 37. g4 Be4 38. f3 Qd4+ 39. Kh2 Bxf3 40. Qxd3+
Qxd3 41. Rxd3 Bxd1 0-1

[Event "Open Letni Praha 2017 - B"]
[Site "Praha"]
[Date "2017.08.08"]
[Round "6"]
[White "Kraus, Ondrej"]
[Black "Karlsson, Peter"]
[Result "1-0"]
[WhiteElo "1997"]
[BlackElo "1764"]
[PlyCount "57"]
[EventDate "2017.08.04"]

1. e4 d5 2. e5 Bf5 3. Ne2 e6 4. d4 c5 5. c3 Nc6 6. dxc5 Bxc5 7. Nd4 Nge7 8. Be3
Bxd4 9. cxd4 O-O 10. Nc3 Qb6 11. Qd2 a6 12. Be2 Rac8 13. O-O Na5 14. Na4 Qd8
15. Rac1 Nc4 16. Bxc4 dxc4 17. Nc5 b5 18. Bg5 Ra8 19. g4 Bg6 20. f4 h6 21. Bh4
Qc7 22. Bxe7 Qxe7 23. f5 exf5 24. gxf5 Bh7 25. f6 Qc7 26. fxg7 Kxg7 27. Rf6 Bg6
28. Qg2 Ra7 29. Ne6+ 1-0

[Event "Open Letni Praha 2017 - B"]
[Site "Praha"]
[Date "2017.08.08"]
[Round "6"]
[White "Klima, Matej"]
[Black "Vitek, Jan"]
[Result "1-0"]
[WhiteElo "1931"]
[BlackElo "1690"]
[PlyCount "41"]
[EventDate "2017.08.04"]

1. e4 e5 2. Nf3 Nf6 3. Nxe5 d6 4. Nf3 Nxe4 5. Nc3 d5 6. Qe2 Be7 7. Nxe4 dxe4 8.
Qxe4 O-O 9. Bc4 Bd6 10. O-O Kh8 11. d4 f5 12. Qd3 f4 13. b3 Bf5 14. Qc3 Nc6 15.
a3 Be4 16. Bb2 Be7 17. Rad1 Bf6 18. Rfe1 Bxf3 19. Qxf3 a6 20. Qh3 g5 21. Qh5
1-0

[Event "Open Letni Praha 2017 - B"]
[Site "Praha"]
[Date "2017.08.08"]
[Round "6"]
[White "Veselsky, Jan"]
[Black "Bonnez, Finn"]
[Result "1/2-1/2"]
[WhiteElo "1658"]
[BlackElo "1912"]
[PlyCount "61"]
[EventDate "2017.08.04"]

1. d4 c5 2. Nf3 Nf6 3. c4 cxd4 4. Nxd4 g6 5. Nc3 d6 6. e4 Bg7 7. Be2 O-O 8. Be3
Nc6 9. O-O Bd7 10. h3 a6 11. Qd2 Rc8 12. Rad1 Kh8 13. Bh6 Qb6 14. Bxg7+ Kxg7
15. Nf3 h6 16. Nd5 Nxd5 17. cxd5 Na7 18. Rc1 f6 19. Nd4 Kh7 20. Kh1 Rxc1 21.
Rxc1 Rc8 22. Rxc8 Bxc8 23. f4 Bd7 24. Nf3 Bb5 25. Bd1 Qc5 26. Nd4 Qc4 27. b3
Qd3 28. Nf3 Qxd2 29. Nxd2 Bd3 30. Kg1 Nb5 31. Bf3 1/2-1/2

[Event "Open Letni Praha 2017 - B"]
[Site "Praha"]
[Date "2017.08.08"]
[Round "6"]
[White "Orsoni, Jean-Philippe"]
[Black "Bugaets, Daniil"]
[Result "1-0"]
[WhiteElo "1859"]
[BlackElo "1515"]
[PlyCount "139"]
[EventDate "2017.08.04"]

1. e4 e5 2. Nf3 d6 3. Bc4 Be7 4. Nc3 Nf6 5. h3 O-O 6. d3 c6 7. Bb3 Re8 8. Be3
Bf8 9. Bg5 Be7 10. Qd2 Nbd7 11. a3 Nc5 12. Ba2 Be6 13. Be3 Bxa2 14. Rxa2 Ne6
15. Ne2 Qc7 16. Ng3 d5 17. c3 Rad8 18. Qe2 dxe4 19. dxe4 Bc5 20. b4 Bxe3 21.
Qxe3 Nf4 22. O-O Rd3 23. Qc1 Nxh3+ 24. gxh3 Rxf3 25. Rd2 Rf4 26. f3 Qb6+ 27.
Kg2 Qc7 28. Rfd1 Qc8 29. Rd6 a6 30. c4 Qc7 31. c5 Rf8 32. R1d3 h6 33. Qe1 Kh7
34. Ne2 Nh5 35. Rd7 Qc8 36. Qc3 Re8 37. R3d6 Rf6 38. Qd2 Rxd6 39. Qxd6 Re6 40.
Qc7 Qxc7 41. Rxc7 Rg6+ 42. Kf2 Nf4 43. Nxf4 exf4 44. Rxf7 Re6 45. Rxb7 Re8 46.
Ra7 Rd8 47. Ke2 Kg6 48. Rxa6 Kh5 49. Rxc6 Ra8 50. b5 Rxa3 51. Ra6 Rc3 52. c6
Rc5 53. Rb6 Kh4 54. Rb7 Kxh3 55. c7 h5 56. b6 g5 57. Rb8 g4 58. fxg4 hxg4 59.
c8=Q Rxc8 60. Rxc8 Kg2 61. b7 f3+ 62. Ke3 f2 63. Rf8 f1=Q 64. Rxf1 Kxf1 65.
b8=Q g3 66. Qb1+ Kg2 67. Qc2+ Kf1 68. Kf3 g2 69. Qxg2+ Ke1 70. Qe2# 1-0

[Event "Open Letni Praha 2017 - B"]
[Site "Praha"]
[Date "2017.08.09"]
[Round "7"]
[White "Janacek, Jaroslav"]
[Black "Benes, Petr"]
[Result "0-1"]
[WhiteElo "2019"]
[BlackElo "1994"]
[PlyCount "43"]
[EventDate "2017.08.04"]

1. e4 e5 2. Nf3 f5 3. Nxe5 Qf6 4. d4 d6 5. Nc4 fxe4 6. Ne3 c6 7. c4 Qg6 8. Nc3
Nf6 9. Be2 Be7 10. O-O O-O 11. b3 Na6 12. a3 Nc7 13. Bb2 Ne6 14. f4 exf3 15.
Rxf3 Ng5 16. Rg3 Qh6 17. d5 Rf7 18. Ng4 Qh4 19. dxc6 bxc6 20. Nxf6+ Bxf6 21.
Qxd6 c5 22. Rf1 {not readable} 0-1

[Event "Open Letni Praha 2017 - B"]
[Site "Praha"]
[Date "2017.08.09"]
[Round "7"]
[White "Atnilov, Boris"]
[Black "Klima, Matej"]
[Result "1-0"]
[WhiteElo "2029"]
[BlackElo "1931"]
[PlyCount "105"]
[EventDate "2017.08.04"]

1. e4 c5 2. Nf3 g6 3. d4 cxd4 4. Nxd4 Bg7 5. Nc3 Nc6 6. Be3 Nf6 7. Be2 O-O 8.
Qd2 Re8 9. O-O-O Qa5 10. Nb3 Qc7 11. f4 d6 12. Nd5 Nxd5 13. exd5 Nb8 14. Bd4
Bxd4 15. Qxd4 Bf5 16. Bd3 Bxd3 17. Qxd3 Nd7 18. g4 Nf6 19. Qf3 Rac8 20. c3 b5
21. Kb1 a5 22. g5 Nh5 23. Nd4 Qc4 24. Rhf1 e6 25. dxe6 fxe6 26. Qd3 Rc5 27. Nb3
Nxf4 28. Qxc4 Rxc4 29. Nxa5 Ra4 30. Rxd6 Nh3 31. Nc6 Nxg5 32. Rd7 e5 33. Ne7+
Kh8 34. Nd5 Rh4 35. Rf2 e4 36. Rg2 Nf3 37. Re2 Nxh2 38. Nf6 Re6 39. Nd5 g5 40.
Ne3 Ng4 41. Nf5 Rh1+ 42. Kc2 h5 43. Nd4 Re5 44. Nc6 Re8 45. Rd5 Rg8 46. Ne7 Rg7
47. Rxe4 Nf6 48. Rd8+ Kh7 49. Re6 g4 50. Nf5 Rf7 51. Nd6 Rg7 52. Rxf6 g3 53.
Nf5 1-0

[Event "Open Letni Praha 2017 - B"]
[Site "Praha"]
[Date "2017.08.09"]
[Round "7"]
[White "Ragaa, Hassan"]
[Black "Orsoni, Jean-Philippe"]
[Result "1-0"]
[WhiteElo "2019"]
[BlackElo "1859"]
[PlyCount "59"]
[EventDate "2017.08.04"]

1. d4 Nf6 2. c4 g6 3. Nc3 d5 4. h4 h5 5. Bg5 Ne4 6. Nxd5 Nxg5 7. hxg5 Bg7 8.
Nf3 Bg4 9. Ne5 c6 10. Nc3 Be6 11. e3 Qc7 12. Qb3 Bxe5 13. dxe5 Nd7 14. f4 Nc5
15. Qa3 Qb6 16. O-O-O O-O 17. Be2 Bf5 18. g4 hxg4 19. Rd4 Rad8 20. b4 Na6 21.
c5 Qc7 22. Bxa6 bxa6 23. Ne2 Qb7 24. Qb2 Rb8 25. Ng3 Kg7 26. Nxf5+ gxf5 27. e6
f6 28. gxf6+ Rxf6 29. Qh2 Rg8 30. Qh7+ 1-0

[Event "Open Letni Praha 2017 - B"]
[Site "Praha"]
[Date "2017.08.09"]
[Round "7"]
[White "Wu, Mengxian"]
[Black "Kraus, Ondrej"]
[Result "1-0"]
[WhiteElo "1862"]
[BlackElo "1997"]
[PlyCount "75"]
[EventDate "2017.08.04"]

1. d4 e6 2. Nf3 Nf6 3. Bf4 c5 4. e3 Be7 5. c3 O-O 6. h3 b6 7. Bd3 Bb7 8. Nbd2
Nd5 9. Bh2 cxd4 10. exd4 Nc6 11. O-O d6 12. Rc1 Re8 13. Re1 Bf8 14. a3 g6 15.
Ne4 Nf6 16. Bf4 Nh5 17. Bg5 f6 18. g4 d5 19. Ned2 Ng7 20. Bh4 Bd6 21. Nf1 Bf4
22. Rc2 g5 23. Bg3 e5 24. Bxf4 gxf4 25. dxe5 fxe5 26. Rd2 Qf6 27. c4 e4 28.
cxd5 exf3 29. dxc6 Qxc6 30. Rxe8+ Rxe8 31. Bc2 Qf6 32. b4 Qh4 33. Rd7 Qxh3 34.
Rxg7+ Kxg7 35. Qd7+ Kf8 36. Qf5+ Ke7 37. Qe5+ Kf7 38. Bb3+ 1-0

[Event "Open Letni Praha 2017 - B"]
[Site "Praha"]
[Date "2017.08.09"]
[Round "7"]
[White "Smelykh, Edvin"]
[Black "Anatskiy, Alexey"]
[Result "1-0"]
[WhiteElo "1776"]
[BlackElo "1975"]
[PlyCount "147"]
[EventDate "2017.08.04"]

1. e4 c6 2. d4 d5 3. Nc3 dxe4 4. Nxe4 Bf5 5. Ng3 Bg6 6. Bc4 e6 7. N1e2 Bd6 8.
h4 h6 9. Nf4 Bxf4 10. Bxf4 Nf6 11. c3 Nbd7 12. Bd3 Bxd3 13. Qxd3 Qb6 14. O-O
O-O 15. Qc2 Rfd8 16. Rad1 Nf8 17. Be5 N6h7 18. Nh5 f6 19. Bg3 Qa5 20. Nf4 Qxa2
21. Ra1 Qc4 22. Ra4 Qb5 23. Rb4 Qa6 24. Qb3 b5 25. Nxe6 Nxe6 26. Qxe6+ Kh8 27.
Qe1 Qb6 28. Rb3 a5 29. Qe7 Re8 30. Qc7 Qxc7 31. Bxc7 a4 32. Rb4 Nf8 33. d5 cxd5
34. Rxb5 a3 35. bxa3 Rxa3 36. Ba5 Ng6 37. g3 Re2 38. Rxd5 Ne5 39. Bb4 Raa2 40.
Rdd1 Ng4 41. Bc5 Ne5 42. Bd4 Nc6 43. Kg2 Rac2 44. Kf3 Kg8 45. Kf4 Kf7 46. f3
g5+ 47. Kg4 gxh4 48. gxh4 Kg6 49. Rfe1 h5+ 50. Kf4 Rh2 51. Bxf6 Kxf6 52. Rd6+
Kf7 53. Rxc6 Rxh4+ 54. Kg5 Ra4 55. Rc7+ Kf8 56. Kxh5 Rg2 57. Re4 Ra5+ 58. Kh4
Rf5 59. Rb4 Rf7 60. Rc8+ Kg7 61. Rg4+ Rxg4+ 62. fxg4 Rd7 63. Rc6 Rd5 64. Kg3
Rd1 65. Kf4 Rd5 66. c4 Rd7 67. Ke5 Kf7 68. Rf6+ Kg7 69. g5 Rd1 70. c5 Rg1 71.
Kf5 Rf1+ 72. Ke6 Rg1 73. Rf5 Kg6 74. Re5 1-0

[Event "Open Letni Praha 2017 - B"]
[Site "Praha"]
[Date "2017.08.09"]
[Round "7"]
[White "Kleprlik, Jan"]
[Black "Paseka, Christian"]
[Result "1/2-1/2"]
[WhiteElo "1510"]
[BlackElo "1766"]
[PlyCount "68"]
[EventDate "2017.08.04"]

1. d4 f5 2. c4 g6 3. Nc3 Nf6 4. Bg5 Bg7 5. Qd2 O-O 6. Bh6 Nc6 7. Bxg7 Kxg7 8.
Nf3 d6 9. e3 e5 10. dxe5 dxe5 11. O-O-O Qxd2+ 12. Rxd2 e4 13. Nd4 Nxd4 14. Rxd4
c6 15. Be2 Be6 16. b3 Rfd8 17. Rhd1 Rxd4 18. Rxd4 Kf7 19. Kc2 h5 20. h4 Ke7 21.
Bd1 b6 22. Be2 Rd8 23. Rxd8 Kxd8 24. Nb1 Kd7 25. Kc3 a5 26. a3 Kd6 27. a4 Kc5
28. Na3 Nd7 29. Nc2 Kd6 30. Nd4 c5 31. Nc2 Ke5 32. Ne1 Nf6 33. g3 Bd7 34. Ng2
Be8 1/2-1/2

[Event "Open Letni Praha 2017 - B"]
[Site "Praha"]
[Date "2017.08.09"]
[Round "7"]
[White "Klyuev, Vasily"]
[Black "Fraczek, Weronika"]
[Result "1/2-1/2"]
[WhiteElo "1921"]
[BlackElo "1768"]
[PlyCount "99"]
[EventDate "2017.08.04"]

1. d4 d5 2. c4 c6 3. e3 Nf6 4. Nf3 a6 5. Nc3 Bf5 6. Be2 e6 7. Nh4 Bg6 8. Nxg6
hxg6 9. O-O Bd6 10. g3 Nbd7 11. c5 Bc7 12. b4 e5 13. f4 e4 14. a4 Nf8 15. Bd2
Qc8 16. Rf2 Qh3 17. b5 Nh5 18. Bf1 Qc8 19. bxa6 bxa6 20. a5 Qd8 21. Qa4 Qd7 22.
Na2 Ne6 23. Nb4 Nd8 24. Nxa6 Nf6 25. Nxc7+ Qxc7 26. Rb1 Nd7 27. a6 O-O 28. Ba5
Qc8 29. Rfb2 Ne6 30. Bb6 Nd8 31. Bxd8 Rxd8 32. a7 Nf8 33. Rb8 Qd7 34. R1b7 Qe8
35. Rxd8 Rxd8 36. Qa5 Nd7 37. Rxd7 Qxd7 38. a8=Q Rxa8 39. Qxa8+ Kh7 40. h3 g5
41. Qb8 gxf4 42. Qxf4 Qb7 43. Qh4+ Kg8 44. Qd8+ Kh7 45. Qb6 Qd7 46. Kh2 Qf5 47.
Bg2 Qf6 48. Qc7 Qe6 49. Qd6 Qc8 50. h4 1/2-1/2

[Event "Open Letni Praha 2017 - B"]
[Site "Praha"]
[Date "2017.08.09"]
[Round "7"]
[White "Korenek, Frantisek"]
[Black "Modi, Yashil"]
[Result "1/2-1/2"]
[WhiteElo "2075"]
[BlackElo "1687"]
[PlyCount "60"]
[EventDate "2017.08.04"]

1. e4 e5 2. Nf3 Nc6 3. Bb5 a6 4. Ba4 Nf6 5. O-O Be7 6. Re1 b5 7. Bb3 d6 8. h3
O-O 9. c3 Nb8 10. d4 Nbd7 11. Nbd2 Bb7 12. a4 c5 13. Bc2 Qb6 14. d5 c4 15. Nf1
Rfc8 16. Ng3 g6 17. Be3 Nc5 18. axb5 Qxb5 19. Bxc5 Qxc5 20. Nf1 a5 21. N3d2 Ba6
22. Ne3 Nd7 23. Ra2 Bg5 24. Qg4 Bxe3 25. Rxe3 Qc7 26. Qg5 Bb5 27. h4 Qd8 28.
Qxd8+ Rxd8 29. Re1 Nb6 30. Rea1 a4 1/2-1/2

[Event "Open Letni Praha 2017 - B"]
[Site "Praha"]
[Date "2017.08.09"]
[Round "7"]
[White "Wesener, Lorenz"]
[Black "Zacek, Petr"]
[Result "0-1"]
[WhiteElo "1758"]
[BlackElo "1914"]
[PlyCount "86"]
[EventDate "2017.08.04"]

1. e4 e6 2. d4 d5 3. e5 c5 4. Nf3 cxd4 5. Bd3 Nc6 6. a3 Nge7 7. O-O Ng6 8. Re1
Be7 9. Bxg6 hxg6 10. Nxd4 O-O 11. c3 a6 12. Bf4 Qb6 13. b4 Bd7 14. Qd3 Rac8 15.
Nd2 Nxd4 16. cxd4 Bb5 17. Qe3 a5 18. a4 Bc4 19. bxa5 Qxa5 20. Reb1 Bb4 21. Nb3
Bxb3 22. Rxb3 Rc4 23. h4 Bc3 24. Rb5 Qa7 25. Rab1 Bxd4 26. Qg3 Bxf2+ 27. Qxf2
Qxf2+ 28. Kxf2 Rxf4+ 29. Kg3 Rxa4 30. Rxb7 Re4 31. Rh1 Rxe5 32. Kf4 Rf5+ 33.
Ke3 Ra8 34. Rc1 Ra3+ 35. Ke2 Ra2+ 36. Kd3 Rxg2 37. Rb8+ Kh7 38. Rcc8 g5 39. h5
g6 40. Rh8+ Kg7 41. h6+ Kf6 42. h7 Ke5 43. Ke3 g4 0-1

[Event "Open Letni Praha 2017 - B"]
[Site "Praha"]
[Date "2017.08.09"]
[Round "7"]
[White "Bonnez, Finn"]
[Black "Kalvach, Ladislav"]
[Result "1-0"]
[WhiteElo "1912"]
[BlackElo "1801"]
[PlyCount "83"]
[EventDate "2017.08.04"]

1. d4 Nf6 2. Nf3 e6 3. Bf4 b6 4. Nbd2 Bb7 5. e3 Be7 6. c3 O-O 7. Bd3 d5 8. Ne5
Nbd7 9. Qf3 c5 10. Qh3 g6 11. Ndf3 Ne4 12. Bh6 Re8 13. Nxd7 Qxd7 14. Ne5 Qc8
15. f3 Nd6 16. Bf4 Qd8 17. O-O Bg5 18. Bxg5 Qxg5 19. f4 Qe7 20. g4 f6 21. Nf3
Qg7 22. g5 Nf7 23. gxf6 Qxf6 24. Rf2 Kh8 25. Rg2 Rg8 26. Kh1 Rg7 27. Rag1 Kg8
28. Nh4 Kf8 29. Nf3 Ke7 30. Ne5 Rag8 31. Ng4 Ng5 32. fxg5 Qf8 33. Qg3 Qd8 34.
Rf2 Rf8 35. Rgf1 Rxf2 36. Qxf2 Kd7 37. Qf6 Re7 38. Qe5 Kc8 39. Rf6 Qd7 40. Rf8+
Re8 41. Nf6 Rxf8 42. Nxd7 1-0

[Event "Open Letni Praha 2017 - B"]
[Site "Praha"]
[Date "2017.08.10"]
[Round "8"]
[White "Smelykh, Edvin"]
[Black "Benes, Petr"]
[Result "1/2-1/2"]
[WhiteElo "1776"]
[BlackElo "1994"]
[PlyCount "135"]
[EventDate "2017.08.04"]

1. e4 Nf6 2. e5 Nd5 3. d4 d6 4. Bc4 Nb6 5. Bb3 dxe5 6. dxe5 Qxd1+ 7. Kxd1 Nc6
8. e6 Bxe6 9. Bxe6 fxe6 10. Nf3 O-O-O+ 11. Ke2 g6 12. c3 Bg7 13. Re1 h6 14.
Nbd2 g5 15. h3 Nd5 16. Kf1 Nf4 17. Nc4 Rhf8 18. Bxf4 Rxf4 19. Nce5 Nxe5 20.
Nxe5 Rd2 21. f3 h5 22. Rab1 c6 23. Ng6 Rf6 24. Ne5 Kc7 25. Re2 Rd5 26. Rbe1 Kd8
27. Kg1 Ke8 28. Nc4 Rc5 29. Nd2 Ra5 30. a3 Rb5 31. Nc4 Rc5 32. Nd2 Rd5 33. Nc4
Rf4 34. Ne5 Rf5 35. Nc4 Rc5 36. Nd2 e5 37. Ne4 Rd5 38. Ng3 Rf7 39. Nxh5 Bf6 40.
Ng3 Rh7 41. Nf5 Kf7 42. Ne3 Rc5 43. Ng4 Ke6 44. Re4 Rh8 45. c4 b5 46. Rc1 Rd8
47. b4 Rxc4 48. Rcxc4 bxc4 49. Rxc4 Rd1+ 50. Kf2 Kd6 51. Rc5 e4 52. Nxf6 exf6
53. fxe4 Rd2+ 54. Kf1 Rd4 55. Rf5 Ke6 56. Ra5 Rxe4 57. Rxa7 Rc4 58. Ra6 Ke5 59.
Kg1 Kf4 60. Kh2 f5 61. Ra8 g4 62. hxg4 fxg4 63. Rf8+ Kg5 64. Rf2 Rc3 65. g3
Rxa3 66. Rc2 Kf5 67. Rc5+ Ke4 68. Rc4+ 1/2-1/2

[Event "Open Letni Praha 2017 - B"]
[Site "Praha"]
[Date "2017.08.10"]
[Round "8"]
[White "Ragaa, Hassan"]
[Black "Atnilov, Boris"]
[Result "0-1"]
[WhiteElo "2019"]
[BlackElo "2029"]
[PlyCount "72"]
[EventDate "2017.08.04"]

1. d4 f5 2. g4 fxg4 3. Bf4 d5 4. Nc3 Bf5 5. h3 e6 6. hxg4 Bxg4 7. Qd3 c6 8. f3
Bf5 9. e4 Bg6 10. O-O-O Bd6 11. Qe3 Ne7 12. Bh3 Rf8 13. Nge2 Qc7 14. e5 Bb4 15.
Bxe6 Nd7 16. Bg4 Nb6 17. Bh5 Nc4 18. Qd3 Qa5 19. Kb1 Rxf4 20. Bxg6+ Nxg6 21.
Rxh7 Nf8 22. Nxf4 Nxb2 23. Qf5 Nxd1 24. Nxd1 Nxh7 25. Ne6 Nf8 26. Nxg7+ Kd8 27.
Qf7 Ba3 28. c3 Kc8 29. e6 Qc7 30. Qg8 Qf4 31. Kc2 a5 32. Kd3 Bc1 33. Kc2 Qd2+
34. Kb1 Kc7 35. e7 Qxd1 36. e8=N+ Kb6 0-1

[Event "Open Letni Praha 2017 - B"]
[Site "Praha"]
[Date "2017.08.10"]
[Round "8"]
[White "Zacek, Petr"]
[Black "Wu, Mengxian"]
[Result "1/2-1/2"]
[WhiteElo "1914"]
[BlackElo "1862"]
[PlyCount "35"]
[EventDate "2017.08.04"]

1. d4 d5 2. c4 c6 3. Nf3 Nf6 4. Nc3 e6 5. e3 Nbd7 6. cxd5 exd5 7. Bd3 Bd6 8.
O-O O-O 9. b3 Re8 10. Qc2 h6 11. Bb2 Qe7 12. Nd2 Nb6 13. h3 a5 14. e4 dxe4 15.
Ndxe4 Nxe4 16. Nxe4 Bc7 17. Rfe1 Bf5 18. Qc5 1/2-1/2